000 01349nad a2200385 a 4500
001 MIU01000000000000006904049
003 MiU
005 20231010141314.0
007 cr mnummmmuuuu
008 940624s1994 onc sb 001 0 eng d
010 _zcn 93090546
020 _z0773511466
020 _z0773511520
024 7 _a2027/heb06845
_2hdl
040 _aMiU
_cMiU
090 _aJL27.5
_b(INTERNET)
100 1 _aWebber, Jeremy H. A.,
_d1958-
_943894
245 1 0 _aReimagining Canada
_h[electronic resource] :
_blanguage, culture, community and the Canadian constitution /
_cJeremy Webber.
300 _aix, 373 p. ;
_c24 cm.
504 _aIncludes bibliographical references (p. [321]-364) and index.
650 0 _zCanada.
_943895
650 0 _zCanada.
_943895
830 0 _aACLS Humanities E-Book.
_943896
856 4 0 _zVolltext
_uhttps://hdl.handle.net/2027/heb06845
942 _cEB
500 _aE-Book-ACLS / Zugriff nur im DHI-Lesesaal
653 _aConstitutional law
653 _aConstitutional history
336 _2rdacontent
_btxt
_aText
337 _2rdamedia
_bbc
_aComputermedien
338 _2rdacarrier
_bcr
_aOnline Ressource
264 _aKingston [Ont.] ;
_bMcGill-Queen's University Press,
_cc1994.
041 _aeng
500 _aAmerican Council of Learned Societies/ https://www.humanitiesebook.org/about/
999 _c66775
_d66775